Logo BPK

Biblioteka

Politechniki Koszalińskiej

Zbiór zadań z wytrzymałości materiałów / (Rekord nr 20337)

Szczegóły MARC
000 -ETYKIETA REKORDU
podpole kontrolne o stałej długości 00446nam a2200169 i 4500
001 - NUMER KONTROLNY REKORDU
pole kontrolne bg
040 ## - ŹRÓDŁO KATALOGOWANIA
Instytucja, która utworzyła rekord BPK
041 ## - KOD JĘZYKA
Kod języka tekstu pol
080 ## - UNIWERSALNA KLASYFIKACJA DZIESIĘTNA - UKD
UKD 539.3/.6(075.8)(076)
008 - POLE O STAŁEJ DŁUGOŚCI - DANE KONTROLNE
podpole kontrolne o stałej długości s pl f |000 0 pol
100 1# - NAZWA OSOBOWA
Nazwa osobowa ALBIŃSKA, Danuta
245 #0 - TYTUŁ/ODPOWIEDZIALNOŚĆ
Tytuł Zbiór zadań z wytrzymałości materiałów /
Pozostałe elementy strefy tytułu i oznaczenia odpowiedzialności Danuta Albińska, Janusz Walczak. T.2.
250 ## - STREFA WYDANIA
Oznaczenie wydania Wyd.2 zm.
260 ## - STREFA ADRESU WYDAWNICZEGO
Miejsce wydania Kraków,
Data publikacji, dystrybucji/powstania dokumentu 1981.
700 1# - HASŁO DODATKOWE - NAZWA OSOBOWA
Nazwa osobowa WALCZAK, Janusz
856 ## - LOKALIZACJA I DOSTĘP DO ELEKTRONICZNYCH DOKUMENTÓW ZDALNYCH
Link (URL) http://koha.tu.koszalin.pl/cgi-bin/koha/opac-detail.pl?biblionumber=20337
Tekst linku Katalog online BPK
942 ## - DODATKOWE ELEMENTY (KOHA)
Typ dokumentu Książka
Egzemplarze
Wycofany Status egzemplarza Uszkodzony Dostępność Lokalizacja stała Lokalizacja bieżąca Miejsce przechowywania Sygnatura Kod kreskowy Typ dokumentu
      Dostępny Biblioteka Politechniki Koszalińskiej Biblioteka Politechniki Koszalińskiej Wypożyczalnia BG 28688 01125924 Książka
© 2023 Biblioteka Politechniki Koszalińskiej :: KOHA